Statistics for Counties of the Swedish Empire in 1658 with a Map

Click here to take the quiz!

General Stats

  • This quiz has been taken 1,130 times
  • The average score is 13 of 33

Answers on the Map

Answers color-coded by a green-red scale on the quiz's map according to % correct below.
 

Answer Stats

Counties% Correct
Stockholm
85%
Estonia
84%
Gotland
79%
Lappmarken
68%
Livonia
66%
Skåne
62%
Pomerania
61%
Uppland
58%
Kexholm
57%
Bremen-Verden
48%
Kalmar
43%
Trondheim
43%
Bornholm
42%
Åbo and Björneborg
39%
Ostrobothnia
39%
Ingria
36%
Halland
35%
Kopparberg
33%
Västerbotten
32%
Närke and Värmland
31%
Jönköping and Kronoberg
29%
Östergötland
29%
Viborg and Nyslott
29%
Nyland and Tavastland
27%
Bohuslän
26%
Västmanland
20%
Västernorrland
16%
Wismar
16%
Nyköping
13%
Skaraborg
13%
Eskilstunahus
12%
Älvsborg
11%
Gripsholm
7%

Score Distribution

Percentile by Number Answered

Percent of People with Each Score

Your Score History

You have not taken this quiz